Statistiques concernant Focus sur: Lavande Brown - Harry Potter

Cliquez ici pour prendre le quiz!

Statistiques générales

  • Ce quiz a été pris 189 fois
  • Le résultat moyen est 5 sur 7

Statistiques - réponses

Informations recherchéesRéponses% Correct
Maison fréquentéeGryffondor
99%
Lieu de rencontre avec Harry PotterPoudlard
98%
Ecole fréquentéePoudlard
98%
Première apparitionHarry Potter à l'école des sorciers
91%
Actrice l'interprétant dans les filmsJessie Cave
30%
Actrice l'interprétant dans les filmsJennifer Smith
19%
Actrice l'interprétant dans les filmsKathleen Cauley
17%

Distribution des résultats

Percentile par nombre de réponses

% des personnes avec chaque résultat

Votre développement - résultats

Vous n’avez pas pris ce quiz